[Event "BL 1617 (Women)"]
[Site "Germany"]
[Date "2017.05.01"]
[Round "11.1"]
[White "Sieber, Fiona"]
[Black "Endress, Anna"]
[Result "1-0"]
[WhiteElo "2268"]
[BlackElo "2122"]
[PlyCount "55"]
[EventDate "2016.10.22"]
[EventType "team-tourn"]
[EventRounds "11"]
[EventCountry "GER"]
[SourceTitle "EXT 2018"]
[Source "ChessBase"]
[SourceDate "2017.10.13"]
[SourceVersion "1"]
[SourceVersionDate "2017.10.13"]
[SourceQuality "1"]
[WhiteTeam "Lehrte (W)"]
[BlackTeam "Harksheide (W)"]
[WhiteTeamCountry "GER"]
[BlackTeamCountry "GER"]

1. e4 c5 2. Nf3 d6 3. d4 cxd4 4. Nxd4 Nf6 5. Nc3 a6 6. Be3 e5 7. Nb3 Be7 8. f3 Be6 9. Qd2 h5 10. 0-0-0 Nbd7 11. Kb1 Rc8 12. Be2 Qc7 13. Rhe1 0-0 14. f4 Nb6 15. Bxb6 Qxb6 16. f5 Bc4 17. h3 Rfd8 18. Bxc4 Rxc4 19. g4 d5 20. Nxd5 Nxd5 21. exd5 hxg4 22. Qe2 Rdc8 23. hxg4 Bf6 24. d6 e4 25. d7 R8c6 26. Rh1 Qc7 27. Qh2 g6 28. d8R+ 1-0

[Event "BL 1617 (Women)"]
[Site "Germany"]
[Date "2017.03.04"]
[Round "5.1"]
[White "Kosteniuk, Alexandra"]
[Black "Endress, Anna"]
[Result "1-0"]
[WhiteElo "2537"]
[BlackElo "2122"]
[PlyCount "59"]
[EventDate "2016.10.22"]
[EventType "team-tourn"]
[EventRounds "11"]
[EventCountry "GER"]
[SourceTitle "EXT 2018"]
[Source "ChessBase"]
[SourceDate "2017.10.13"]
[SourceVersion "1"]
[SourceVersionDate "2017.10.13"]
[SourceQuality "1"]
[WhiteTeam "Baden-Baden (W)"]
[BlackTeam "Harksheide (W)"]
[WhiteTeamCountry "GER"]
[BlackTeamCountry "GER"]

1. e4 c5 2. Nf3 d6 3. Bb5+ Bd7 4. Bxd7+ Qxd7 5. d4 cxd4 6. Qxd4 Nc6 7. Qd3 Nf6 8. 0-0 g6 9. c4 Bg7 10. h3 Rc8 11. Nc3 0-0 12. Be3 Nb4 13. Qe2 Qc6 14. a3 Na6 15. Nd2 Nc5 16. Nd5 Qd7 17. Rab1 b6 18. Nxf6+ Bxf6 19. b4 Ne6 20. Qd3 Rfd8 21. f4 Qc6 22. Rfc1 Nc7 23. Nf3 e6 24. Bd4 Bxd4+ 25. Nxd4 Qd7 26. b5 d5 27. Nc6 dxe4 28. Qxe4 Rf8 29. Rd1 Qe8 30. Qd4 1-0

[Event "BL 1415 (Women)"]
[Site "Germany"]
[Date "2014.12.14"]
[Round "5.5"]
[White "Endress, Anna"]
[Black "Ambartsumova, Karina"]
[Result "1/2-1/2"]
[WhiteElo "2131"]
[BlackElo "2278"]
[PlyCount "45"]
[EventDate "2014.09.27"]
[EventType "team-tourn"]
[EventRounds "11"]
[EventCountry "GER"]
[SourceTitle "CBM 166 Extra"]
[Source "ChessBase"]
[SourceDate "2015.06.18"]
[SourceVersion "1"]
[SourceVersionDate "2015.06.18"]
[SourceQuality "1"]
[WhiteTeam "Friedberg (W)"]
[BlackTeam "Schwaebisch Hall (W)"]
[WhiteTeamCountry "GER"]
[BlackTeamCountry "GER"]

1. e4 d6 2. d4 Nf6 3. Nc3 e5 4. dxe5 dxe5 5. Qxd8+ Kxd8 6. Bg5 c6 7. 0-0-0+ Kc7 8. Bc4 Be6 9. Bxe6 fxe6 10. f4 h6 11. Bxf6 gxf6 12. f5 Na6 13. Nge2 exf5 14. exf5 h5 15. Ne4 Be7 16. a3 Rag8 17. g3 b5 18. Rd2 Nb8 19. Rhd1 h4 20. N2c3 Rh5 21. Rf1 Nd7 22. Rg2 a5 23. g4 1/2-1/2

[Event "BL 1314 (Women)"]
[Site "Germany"]
[Date "2014.03.09"]
[Round "9.1"]
[White "Endress, Anna"]
[Black "Lubbe, Melanie"]
[Result "0-1"]
[WhiteElo "2138"]
[BlackElo "2350"]
[PlyCount "108"]
[EventDate "2013.10.04"]
[EventType "team-tourn"]
[EventRounds "11"]
[EventCountry "GER"]
[SourceTitle "EXT 2018"]
[Source "ChessBase"]
[SourceDate "2017.10.13"]
[SourceVersion "1"]
[SourceVersionDate "2017.10.13"]
[SourceQuality "1"]
[WhiteTeam "Schott Mainz (W)"]
[BlackTeam "Friedberg (W)"]
[WhiteTeamCountry "GER"]
[BlackTeamCountry "GER"]

1. e4 c5 2. Nf3 d6 3. d4 cxd4 4. Nxd4 Nf6 5. Nc3 Nc6 6. g3 e5 7. Nde2 h6 8. Bg2 Be7 9. h3 0-0 10. 0-0 a6 11. Be3 Na5 12. b3 b5 13. Qd2 Rb8 14. a4 b4 15. Na2 Nc6 16. c3 Na5 17. Rab1 bxc3 18. Qxc3 Be6 19. Nb4 Qc8 20. Qxc8 Rfxc8 21. Nxa6 Rxb3 22. Nb4 Rb8 23. Rxb3 Bxb3 24. Nd3 Bc2 25. Nec1 Bxa4 26. Bd2 Nc4 27. Bb4 Bc2 28. Re1 Nb2 29. Nxb2 Rxb4 30. Nbd3 Rd4 31. Re3 Bd8 32. Kh2 Ba5 33. f3 Ba4 34. Ne2 Bd2 35. Nxd4 Bxe3 36. Nf5 Bc5 37. Bf1 Bb3 38. Kg2 Kf8 39. h4 Ba3 40. g4 h5 41. g5 Nd7 42. f4 g6 43. Ne3 exf4 44. Nxf4 Ne5 45. Nfd5 Bc5 46. Bb5 Bxe3 47. Nxe3 Ke7 48. Kg3 Kd8 49. Kf4 Kc7 50. Ng2 Kb6 51. Be8 Kc5 52. Ne1 Bd1 53. Ke3 Kc4 54. Ng2 Kc3 0-1

[Event "BL 1314 (Women)"]
[Site "Germany"]
[Date "2014.02.15"]
[Round "6.2"]
[White "Schulze, Dorothee"]
[Black "Endress, Anna"]
[Result "1/2-1/2"]
[WhiteElo "1999"]
[BlackElo "2138"]
[PlyCount "86"]
[EventDate "2013.10.04"]
[EventType "team-tourn"]
[EventRounds "11"]
[EventCountry "GER"]
[SourceTitle "EXT 2018"]
[Source "ChessBase"]
[SourceDate "2017.10.13"]
[SourceVersion "1"]
[SourceVersionDate "2017.10.13"]
[SourceQuality "1"]
[WhiteTeam "Lehrte (W)"]
[BlackTeam "Schott Mainz (W)"]
[WhiteTeamCountry "GER"]
[BlackTeamCountry "GER"]

1. e4 c5 2. Nf3 Nc6 3. d4 cxd4 4. Nxd4 Nf6 5. Nc3 e6 6. Nxc6 bxc6 7. Bd3 d5 8. 0-0 Be7 9. f4 h5 10. g3 d4 11. Na4 Bb7 12. b3 c5 13. Qe2 Qd7 14. Nb2 g6 15. Nc4 Qc7 16. Bd2 Nd7 17. Rae1 0-0 18. Na5 Rae8 19. Nxb7 Qxb7 20. Qf2 Kg7 21. Bc1 f5 22. Bb2 Bf6 23. exf5 exf5 24. Rxe8 Rxe8 25. Re1 Qb8 26. Ba3 Rxe1+ 27. Qxe1 Qd6 28. Bc4 Qe7 29. Kf2 h4 30. Qxe7+ Bxe7 31. Kf3 hxg3 32. hxg3 Nb6 33. Be6 Kf6 34. Bg8 Kg7 35. Be6 Kf6 36. Bg8 Nc8 37. Bb2 Nd6 38. c3 Kg7 39. Bd5 Bf6 40. cxd4 cxd4 41. g4 fxg4+ 42. Kxg4 Nf5 43. Kf3 Ne3 1/2-1/2

[Event "BL 1314 (Women)"]
[Site "Germany"]
[Date "2014.01.26"]
[Round "5.2"]
[White "Endress, Anna"]
[Black "Babiy, Olga"]
[Result "0-1"]
[WhiteElo "2138"]
[BlackElo "2285"]
[PlyCount "60"]
[EventDate "2013.10.04"]
[EventType "team-tourn"]
[EventRounds "11"]
[EventCountry "GER"]
[SourceTitle "EXT 2018"]
[Source "ChessBase"]
[SourceDate "2017.10.13"]
[SourceVersion "1"]
[SourceVersionDate "2017.10.13"]
[SourceQuality "1"]
[WhiteTeam "Schott Mainz (W)"]
[BlackTeam "Muelheim Nord (W)"]
[WhiteTeamCountry "GER"]
[BlackTeamCountry "GER"]

1. e4 c5 2. Nf3 e6 3. d4 cxd4 4. Nxd4 a6 5. Nc3 Qc7 6. Be2 b5 7. a3 Bb7 8. 0-0 Nf6 9. Bf3 Nc6 10. Nxc6 Bxc6 11. Re1 Bd6 12. Nd5 Bxd5 13. exd5 Bxh2+ 14. Kh1 Rc8 15. g3 Bxg3 16. fxg3 Qxg3 17. b3 h5 18. Qe2 Ng4 19. Rf1 Rc3 20. Bd2 Rxc2 21. Rac1 Rxc1 22. Bxc1 0-0 23. Bb2 Rc8 24. dxe6 dxe6 25. Bxg4 hxg4 26. b4 Qh3+ 27. Kg1 g3 28. Be5 f6 29. Bb2 Rc4 30. Re1 Re4 0-1

[Event "BL2 Sued 1213 (Women)"]
[Site "Germany"]
[Date "2012.12.01"]
[Round "3.1"]
[White "Jussupow, Nadejda"]
[Black "Endress, Anna"]
[Result "1-0"]
[WhiteElo "2158"]
[BlackElo "2120"]
[PlyCount "67"]
[EventDate "2012.10.06"]
[EventType "team-tourn"]
[EventRounds "7"]
[EventCountry "GER"]
[SourceTitle "EXT 2018"]
[Source "ChessBase"]
[SourceDate "2017.10.13"]
[SourceVersion "1"]
[SourceVersionDate "2017.10.13"]
[SourceQuality "1"]
[WhiteTeam "Neuperlach (W)"]
[BlackTeam "Schott Mainz (W)"]
[WhiteTeamCountry "GER"]
[BlackTeamCountry "GER"]

1. Nf3 d5 2. g3 Nf6 3. Bg2 e6 4. 0-0 c5 5. d4 Nc6 6. c4 dxc4 7. Ne5 Nxe5 8. dxe5 Nd7 9. f4 Be7 10. Qc2 Rb8 11. a4 0-0 12. Na3 a6 13. Nxc4 b5 14. axb5 axb5 15. Na5 Rb6 16. Nc6 Rxc6 17. Bxc6 Qb6 18. Bg2 c4+ 19. Kh1 Nc5 20. Be3 Bb7 21. Rfd1 Bxg2+ 22. Kxg2 Qc6+ 23. Kg1 Nb3 24. Ra2 f6 25. exf6 Rxf6 26. Bf2 h5 27. Ra7 Bc5 28. Rad7 e5 29. Rd8+ Kf7 30. Qh7 Bxf2+ 31. Kxf2 Nc5 32. Qxh5+ Ke7 33. Qxe5+ Kf7 34. Qd5+ 1-0

[Event "Oberliga Sued W 1213"]
[Site "Germany"]
[Date "2012.11.11"]
[Round "2.4"]
[White "Hell, Manfred"]
[Black "Endress, Anna"]
[Result "1-0"]
[WhiteElo "1981"]
[BlackElo "2143"]
[PlyCount "65"]
[EventDate "2012.10.21"]
[EventType "team-tourn"]
[EventRounds "9"]
[EventCountry "GER"]
[SourceTitle "EXT 2019"]
[Source "ChessBase"]
[SourceDate "2018.10.10"]
[SourceVersion "1"]
[SourceVersionDate "2018.10.10"]
[SourceQuality "1"]
[WhiteTeam "Winterbach Turm"]
[BlackTeam "Schott Mainz II"]
[WhiteTeamCountry "GER"]
[BlackTeamCountry "GER"]

1. d4 d5 2. Nf3 Nf6 3. c4 c6 4. g3 Bf5 5. Qb3 Qb6 6. c5 Qxb3 7. axb3 Nbd7 8. h3 h6 9. b4 a6 10. Nc3 Rd8 11. g4 Bh7 12. Bf4 g5 13. Bc7 Rc8 14. Bg3 Bg7 15. Nd2 0-0 16. Bg2 Rfe8 17. 0-0 e5 18. e3 Re7 19. Nb3 Bd3 20. Rfc1 Ne8 21. Bf1 Bg6 22. Ne2 e4 23. b5 cxb5 24. c6 Rxc6 25. Rxc6 bxc6 26. Rxa6 Re6 27. Nc3 Bf8 28. Na5 b4 29. Na4 c5 30. Ra7 Nef6 31. Bb5 Nb6 32. Nxc5 Re8 33. Bxe8 1-0

[Event "BL 1112 (Women)"]
[Site "Germany"]
[Date "2012.02.12"]
[Round "9.2"]
[White "Endress, Anna"]
[Black "Madl, Ildiko"]
[Result "1/2-1/2"]
[WhiteElo "2120"]
[BlackElo "2399"]
[PlyCount "120"]
[EventDate "2011.10.29"]
[EventType "team-tourn"]
[EventRounds "11"]
[EventCountry "GER"]
[SourceTitle "EXT 2013"]
[Source "ChessBase"]
[SourceDate "2012.11.22"]
[SourceVersion "1"]
[SourceVersionDate "2012.11.22"]
[SourceQuality "1"]
[WhiteTeam "Schott Mainz (W)"]
[BlackTeam "Halle Volksbank (W)"]
[WhiteTeamCountry "GER"]
[BlackTeamCountry "GER"]

1. e4 c5 2. Nc3 Nc6 3. g3 g6 4. Bg2 Bg7 5. d3 d6 6. Be3 Nd4 7. Qd2 Qa5 8. f4 e6 9. Nf3 Ne7 10. 0-0 Nec6 11. Qf2 0-0 12. Nd1 Bd7 13. Ne1 Rac8 14. a3 Qd8 15. Rb1 a5 16. c3 Nb3 17. g4 Ne7 18. g5 f5 19. gxf6 Bxf6 20. Qg3 Kh8 21. Nf3 Bg7 22. Nf2 d5 23. Ng4 d4 24. Bf2 Nc6 25. Be1 Qe7 26. Nd2 Nxd2 27. Bxd2 b5 28. Rbe1 Qd6 29. e5 Qe7 30. Qh3 Be8 31. Re2 a4 32. Be1 Qf7 33. Bh4 Ne7 34. Bf6 Nf5 35. Be4 Bc6 36. Bxg7+ Qxg7 37. Kh1 Qb7 38. Qf3 Nh4 39. Qh3 Nf5 40. Qf3 Rfd8 41. Nf6 c4 42. Rd2 dxc3 43. bxc3 Bxe4 44. Nxe4 cxd3 45. Rxd3 Rxd3 46. Qxd3 Ne7 47. Qf3 Qc6 48. Ng5 Kg7 49. Qxc6 Rxc6 50. Rb1 h6 51. Ne4 Rc4 52. Nd6 Rxc3 53. Rxb5 Nd5 54. Rb7+ Kf8 55. Rb8+ Ke7 56. Rb7+ Rc7 57. Rxc7+ Nxc7 58. Kg2 Kd7 59. Ne4 Kc6 60. Nc3 Nb5 1/2-1/2

[Event "Oberliga Sued W 1112"]
[Site "Germany"]
[Date "2011.09.25"]
[Round "1"]
[White "Endress, Anna"]
[Black "Doncevic, Dario"]
[Result "0-1"]
[WhiteElo "2120"]
[BlackElo "2321"]
[PlyCount "68"]
[EventDate "2011.09.25"]
[EventType "team-tourn"]
[EventRounds "9"]
[EventCountry "GER"]
[SourceTitle "EXT 2013"]
[Source "ChessBase"]
[SourceDate "2012.11.22"]
[SourceVersion "1"]
[SourceVersionDate "2012.11.22"]
[SourceQuality "1"]
[WhiteTeam "Schott Mainz II"]
[BlackTeam "Koblenz"]
[WhiteTeamCountry "GER"]
[BlackTeamCountry "GER"]

1. e4 e6 2. Nf3 d5 3. Nc3 Nf6 4. e5 Nfd7 5. d4 c5 6. dxc5 Nc6 7. Bf4 Bxc5 8. Bd3 f6 9. exf6 Nxf6 10. Qe2 0-0 11. 0-0-0 Bd7 12. Kb1 Qe7 13. Ne5 Rae8 14. g4 Nxe5 15. Bxe5 g6 16. h4 Bc6 17. h5 g5 18. Rhf1 Nd7 19. f4 Nxe5 20. Qxe5 gxf4 21. Rxf4 Rxf4 22. Qxf4 e5 23. Qh6 e4 24. Be2 Qe5 25. Rf1 Rf8 26. Rd1 Rf2 27. Qd2 Bb4 28. Qe3 Rf7 29. a3 Be7 30. Qxa7 Bf6 31. Qc5 h6 32. Qb4 d4 33. Nb5 d3 34. cxd3 Qxb5 0-1

[Event "BL2-Sued 1011"]
[Site "Germany"]
[Date "2011.03.20"]
[Round "8.8"]
[White "Endress, Anna"]
[Black "Roos, Jean Luc"]
[Result "1/2-1/2"]
[WhiteElo "2160"]
[BlackElo "2240"]
[PlyCount "42"]
[EventDate "2010.10.10"]
[EventType "team-tourn"]
[EventRounds "9"]
[EventCountry "GER"]
[SourceTitle "EXT 2012"]
[Source "ChessBase"]
[SourceDate "2011.11.24"]
[SourceVersion "1"]
[SourceVersionDate "2011.11.24"]
[SourceQuality "1"]
[WhiteTeam "Schott Mainz"]
[BlackTeam "Heidelberg Handschuhsheim"]
[WhiteTeamCountry "GER"]
[BlackTeamCountry "GER"]

1. e4 e6 2. Nf3 d5 3. Nc3 Nf6 4. e5 Nfd7 5. d4 c5 6. Bf4 Nc6 7. dxc5 f6 8. exf6 Qxf6 9. Bg3 Bxc5 10. Bd3 0-0 11. Bh4 Qh6 12. Bg3 Nde5 13. Nxe5 Nxe5 14. 0-0 Nxd3 15. Qxd3 Qh5 16. Rad1 Qf7 17. Nb5 a6 18. Nd4 Bd7 19. Rfe1 Rac8 20. Rd2 Qf6 21. c3 Bxd4 1/2-1/2

[Event "BL 1011 (Women)"]
[Site "Germany"]
[Date "2011.02.19"]
[Round "8.1"]
[White "Endress, Anna"]
[Black "Mader, Manuela"]
[Result "0-1"]
[WhiteElo "2160"]
[BlackElo "2192"]
[PlyCount "48"]
[EventDate "2010.11.06"]
[EventType "team-tourn"]
[EventRounds "11"]
[EventCountry "GER"]
[SourceTitle "EXT 2012"]
[Source "ChessBase"]
[SourceDate "2011.11.24"]
[SourceVersion "1"]
[SourceVersionDate "2011.11.24"]
[SourceQuality "1"]
[WhiteTeam "Schott Mainz (W)"]
[BlackTeam "Karlsruhe (W)"]
[WhiteTeamCountry "GER"]
[BlackTeamCountry "GER"]

1. e4 c6 2. d4 d5 3. Nc3 dxe4 4. Nxe4 Bf5 5. Ng3 Bg6 6. h4 h6 7. Nf3 Nd7 8. h5 Bh7 9. Bd3 Bxd3 10. Qxd3 e6 11. Bd2 Ngf6 12. 0-0-0 Be7 13. Qe2 0-0 14. Nf1 c5 15. g4 cxd4 16. g5 Nd5 17. gxh6 Qb6 18. b3 Qc5 19. Kb1 Bf6 20. Rg1 Qa3 21. Ne1 Rfc8 22. Rc1 Nc5 23. hxg7 d3 24. Nxd3 Nxd3 0-1

[Event "BL 1011 (Women)"]
[Site "Germany"]
[Date "2011.01.29"]
[Round "6.2"]
[White "Endress, Anna"]
[Black "Reizniece Ozola, Dana"]
[Result "0-1"]
[WhiteElo "2160"]
[BlackElo "2318"]
[PlyCount "62"]
[EventDate "2010.11.06"]
[EventType "team-tourn"]
[EventRounds "11"]
[EventCountry "GER"]
[SourceTitle "EXT 2012"]
[Source "ChessBase"]
[SourceDate "2011.11.24"]
[SourceVersion "1"]
[SourceVersionDate "2011.11.24"]
[SourceQuality "1"]
[WhiteTeam "Schott Mainz (W)"]
[BlackTeam "Leipzig Gohlis (W)"]
[WhiteTeamCountry "GER"]
[BlackTeamCountry "GER"]

1. e4 d6 2. d4 g6 3. Nc3 Bg7 4. Be3 c6 5. Qd2 Nd7 6. 0-0-0 Qc7 7. f4 b5 8. Bd3 Nb6 9. Nf3 b4 10. Ne2 a5 11. c4 bxc3 12. Nxc3 Nf6 13. Kb1 0-0 14. f5 Ba6 15. Bxa6 Rxa6 16. fxg6 hxg6 17. Qe2 Qb7 18. Bc1 a4 19. a3 Ra5 20. h4 c5 21. e5 Nfd5 22. Nxd5 Nxd5 23. Qe1 Rb5 24. h5 Rb8 25. Rd2 Nc3+ 26. Kc2 Rxb2+ 27. Bxb2 Qxb2+ 28. Kd3 c4+ 29. Ke3 Bh6+ 30. Kf2 Bxd2 31. Nxd2 Nb1 0-1

[Event "Wch U18 Girls"]
[Site "Porto Carras"]
[Date "2010.10.28"]
[Round "9"]
[White "Efroimski, Marsel"]
[Black "Endress, Anna"]
[Result "1-0"]
[WhiteElo "2244"]
[BlackElo "2160"]
[PlyCount "103"]
[EventDate "2010.10.20"]
[EventType "swiss"]
[EventRounds "11"]
[EventCountry "GRE"]
[SourceTitle "EXT 2011"]
[Source "ChessBase"]
[SourceDate "2010.11.26"]
[SourceVersion "1"]
[SourceVersionDate "2010.11.26"]
[SourceQuality "1"]

1. e4 c5 2. Nf3 e6 3. d4 cxd4 4. Nxd4 Nf6 5. Nc3 d6 6. g4 h6 7. Bg2 Nc6 8. h3 Bd7 9. Ndb5 Qb8 10. a4 a6 11. Na3 Qc7 12. Be3 Na5 13. Qe2 Rc8 14. f4 e5 15. g5 hxg5 16. fxg5 Nh5 17. Nd5 Qc6 18. Qd2 Nc4 19. Nxc4 Qxc4 20. Nb6 Qxc2 21. Nxc8 Qxc8 22. Rc1 Bc6 23. Qf2 Qe6 24. 0-0 Be7 25. Qh4 Qb3 26. Rfe1 Qxa4 27. Qg4 Bd7 28. Qf3 g6 29. Rc7 Qb4 30. Rec1 Rh7 31. h4 Bd8 32. R7c4 Qb3 33. R4c3 Qe6 34. Rd1 Be7 35. Bf1 Qg4+ 36. Qxg4 Bxg4 37. Rdc1 Nf4 38. Rc7 Rxh4 39. Rxb7 Bxg5 40. Bxf4 Bxf4 41. Rcc7 Bg5 42. Bxa6 Be6 43. Rb8+ Bd8 44. Bb5+ Kf8 45. Rxd8+ Kg7 46. Rxd6 Kh6 47. Bc4 Rxe4 48. Bxe6 fxe6 49. Rxe6 Rb4 50. Rcc6 Rxb2 51. Rxg6+ Kh7 52. Rg2 1-0

[Event "EU-chT U18 Girls 10th"]
[Site "Pardubice"]
[Date "2010.07.19"]
[Round "5.2"]
[White "Endress, Anna"]
[Black "Klek, Hanna Marie"]
[Result "1-0"]
[WhiteElo "2161"]
[BlackElo "2138"]
[PlyCount "83"]
[EventDate "2010.07.15"]
[EventType "team-swiss"]
[EventRounds "7"]
[EventCountry "CZE"]
[SourceTitle "EXT 2020"]
[Source "ChessBase"]
[SourceDate "2019.10.17"]
[SourceVersion "1"]
[SourceVersionDate "2019.10.17"]
[SourceQuality "1"]
[WhiteTeam "Germany U18 (W)"]
[BlackTeam "Germany U18 (W) II"]
[WhiteTeamCountry "GER"]
[BlackTeamCountry "GER"]

1. e4 e5 2. Nf3 Nc6 3. Bc4 Bc5 4. b4 Bxb4 5. c3 Bc5 6. d4 exd4 7. 0-0 d3 8. e5 h6 9. Qxd3 Qe7 10. Re1 Na5 11. Bd5 c6 12. Bb3 Nxb3 13. axb3 Qe6 14. Nbd2 Qd5 15. Qc2 Ne7 16. Ne4 Bb6 17. Rd1 Qe6 18. Rd6 Qg4 19. Ng3 f6 20. Nh4 Qxh4 21. Ra4 Qxa4 22. bxa4 fxe5 23. Nf5 Nxf5 24. Qxf5 Rf8 25. Qh5+ Kd8 26. Be3 Bxe3 27. fxe3 b6 28. Qxe5 Ba6 29. Rd1 Rf7 30. Qe6 Rf1+ 31. Rxf1 dxe6 32. Rf8+ Kc7 33. Rxa8 g6 34. Rxa7+ Bb7 35. a5 bxa5 36. Rxa5 Kd6 37. Ra7 Kc7 38. Ra4 e5 39. Rh4 Bc8 40. Rxh6 Bf5 41. h4 Bd3 42. g4 1-0

[Event "EU-chT U18 Girls 10th"]
[Site "Pardubice"]
[Date "2010.07.18"]
[Round "4.1"]
[White "Lach, Aleksandra"]
[Black "Endress, Anna"]
[Result "1-0"]
[WhiteElo "2179"]
[BlackElo "2161"]
[PlyCount "59"]
[EventDate "2010.07.15"]
[EventType "team-swiss"]
[EventRounds "7"]
[EventCountry "CZE"]
[SourceTitle "EXT 2020"]
[Source "ChessBase"]
[SourceDate "2019.10.17"]
[SourceVersion "1"]
[SourceVersionDate "2019.10.17"]
[SourceQuality "1"]
[WhiteTeam "Poland U18 (W)"]
[BlackTeam "Germany U18 (W)"]
[WhiteTeamCountry "POL"]
[BlackTeamCountry "GER"]

1. e4 c5 2. Nf3 d6 3. d4 cxd4 4. Nxd4 Nf6 5. Nc3 a6 6. Bg5 Nbd7 7. f4 Qc7 8. Qd2 e6 9. Be2 Be7 10. 0-0-0 h6 11. Bxf6 Nxf6 12. Bf3 e5 13. Nf5 Bxf5 14. exf5 Rb8 15. g4 exf4 16. h4 b5 17. g5 b4 18. Ne2 Nd7 19. g6 0-0 20. gxf7+ Kh7 21. Nxf4 Rxf7 22. Bd5 Rf6 23. Rdg1 Nc5 24. Nh5 b3 25. axb3 Bf8 26. Nxf6+ gxf6 27. Qg2 Bg7 28. Qg6+ Kh8 29. Bf7 Nxb3+ 30. Bxb3 1-0

[Event "Erfurt (Women)"]
[Site "Erfurt"]
[Date "2010.07.03"]
[Round "2"]
[White "Endress, Anna"]
[Black "Sharevich, Anna"]
[Result "0-1"]
[WhiteElo "2161"]
[BlackElo "2253"]
[PlyCount "112"]
[EventDate "2010.07.03"]
[EventType "tourn"]
[EventRounds "9"]
[EventCountry "GER"]
[SourceTitle "CBM 137 Extra"]
[Source "ChessBase"]
[SourceDate "2010.09.01"]
[SourceVersion "1"]
[SourceVersionDate "2010.09.01"]
[SourceQuality "1"]

1. e4 c5 2. Nf3 e6 3. d4 cxd4 4. Nxd4 a6 5. Nc3 Qc7 6. Be2 b5 7. 0-0 Bb7 8. Re1 Nc6 9. Nxc6 dxc6 10. e5 Rd8 11. Bd3 c5 12. Qg4 Ne7 13. Bg5 Rd4 14. Qg3 Ng6 15. Rad1 Be7 16. Bxe7 Qxe7 17. Be4 0-0 18. Bxb7 Qxb7 19. Rxd4 cxd4 20. Ne2 Qe4 21. Qd3 Qxd3 22. cxd3 Nxe5 23. Rd1 Rd8 24. a3 f6 25. f4 Nc6 26. Rc1 Rd6 27. Ng3 f5 28. Kf2 Kf7 29. Ke2 g6 30. Kd2 Kf6 31. Ne2 g5 32. g3 e5 33. a4 gxf4 34. axb5 axb5 35. gxf4 exf4 36. Rf1 Ke5 37. Rxf4 Rh6 38. Rf2 Nb4 39. Ng1 Rc6 40. Nf3+ Kd5 41. Ne1 Rf6 42. Rf4 Nc6 43. Nf3 Kc5 44. Kc2 Nb4+ 45. Kd2 Nc6 46. Kc2 h6 47. h3 Nb4+ 48. Kd2 Nd5 49. Rxd4 Rg6 50. Rh4 Rg2+ 51. Kc1 f4 52. Rxh6 Rg3 53. b4+ Kxb4 54. Rh5 Nc3 55. Ne1 Kb3 56. Kd2 Re3 0-1

[Event "Erfurt (Women)"]
[Site "Erfurt"]
[Date "2010.07.03"]
[Round "9"]
[White "Endress, Anna"]
[Black "Zakurdjaeva, Irina"]
[Result "0-1"]
[WhiteElo "2161"]
[BlackElo "2280"]
[PlyCount "108"]
[EventDate "2010.07.03"]
[EventType "tourn"]
[EventRounds "9"]
[EventCountry "GER"]
[SourceTitle "CBM 137 Extra"]
[Source "ChessBase"]
[SourceDate "2010.09.01"]
[SourceVersion "1"]
[SourceVersionDate "2010.09.01"]
[SourceQuality "1"]

1. e4 e5 2. Nf3 Nc6 3. Bc4 Bc5 4. c3 Nf6 5. d3 d6 6. Bb3 a6 7. 0-0 0-0 8. Nbd2 Ba7 9. h3 h6 10. Re1 Nh5 11. Nf1 Qf6 12. Ne3 Nf4 13. Ng4 Qg6 14. Bxf4 exf4 15. Nh4 Qg5 16. Nf5 Bxf5 17. exf5 Qxf5 18. Qf3 Rae8 19. d4 Nd8 20. Ne3 Qg5 21. Nd5 c6 22. Nxf4 d5 23. Nd3 Bb8 24. Re2 Re6 25. Rae1 Rfe8 26. Kf1 g6 27. Bc2 Kg7 28. Qg4 Qf6 29. Rxe6 Rxe6 30. Rxe6 Nxe6 31. b4 h5 32. Qf3 Qg5 33. Qe3 Bf4 34. Nxf4 Nxf4 35. Qe5+ Qxe5 36. dxe5 h4 37. f3 Kf8 38. Kf2 Ke7 39. Bd1 Ke6 40. g3 hxg3+ 41. Kxg3 Kxe5 42. h4 b6 43. Kf2 c5 44. bxc5 bxc5 45. Ba4 d4 46. cxd4+ Kxd4 47. Be8 c4 48. Ke1 c3 49. Kd1 Kd3 50. Ba4 Ng2 51. Bc2+ Kd4 52. Bb3 f5 53. Ke2 Nxh4 54. f4 Ng2 0-1